[Event "CYCC U08 w"]
[Site "Windsor CAN"]
[Date "2016.07.08"]
[Round "7.132"]
[White "De Costa, Dayna"]
[Black "Zhuang, Winnie"]
[Result "0-1"]
[WhiteElo "627"]
[BlackElo "1027"]
[PlyCount "48"]
[EventDate "2016.07.05"]
[EventType "swiss"]
[EventRounds "7"]
[EventCountry "CAN"]

1. d4 d5 2. c4 Nf6 3. Nc3 Bf5 4. Bg5 c6 5. e3 Nbd7 6. Be2 e6 7. Nf3 Bb4 8. O-O
O-O 9. Rc1 Bg4 10. Bd3 Ba5 11. Qc2 Qc7 12. Rfd1 Bxf3 13. Re1 Bh5 14. Bxf6 Nxf6
15. Qd2 Qd6 16. Ne4 dxe4 17. Qxa5 exd3 18. Rf1 Ng4 19. g3 Nf6 20. c5 Qd5 21.
Qb4 Bg4 22. Qb3 Qf3 23. Rfe1 Bh3 24. Red1 Qg2# 0-1

[Event "CYCC U08 w"]
[Site "Windsor CAN"]
[Date "2016.07.08"]
[Round "7.133"]
[White "Siahou, Audrey"]
[Black "Hua, Michelle"]
[Result "0-1"]
[WhiteElo "636"]
[BlackElo "851"]
[PlyCount "66"]
[EventDate "2016.07.05"]
[EventType "swiss"]
[EventRounds "7"]
[EventCountry "CAN"]

1. e4 d5 2. exd5 Qxd5 3. Nc3 Qa5 4. d4 Nf6 5. Nf3 Bg4 6. h3 Bh5 7. Bg5 Nc6 8.
Be3 O-O-O 9. Qe2 Nxd4 10. Bxd4 Rxd4 11. Qe3 Re4 12. Qe2 Rxe2+ 13. Kxe2 e5 14.
a3 e4 15. b4 exf3+ 16. gxf3 Bxb4 17. Nb1 Qe5+ 18. Kd3 Qxa1 19. axb4 Qxb1 20.
Ke3 Rd8 21. c3 Bxf3 22. Kxf3 Qe4+ 23. Kg3 Qxh1 24. Bg2 Qd1 25. Kh2 Rd2 26. Kg3
h5 27. Kf4 Rxf2+ 28. Kg5 Rxg2+ 29. Kf5 Qf1+ 30. Ke5 Re2+ 31. Kd4 Qd1+ 32. Kc4
Nd7 33. b5 Re4# 0-1

[Event "CYCC U10"]
[Site "Windsor CAN"]
[Date "2016.07.05"]
[Round "1.81"]
[White "Issani, Nameer"]
[Black "Zhao, Tianjiu"]
[Result "1-0"]
[WhiteElo "2138"]
[BlackElo "1016"]
[PlyCount "77"]
[EventDate "2016.07.05"]
[EventType "swiss"]
[EventRounds "7"]
[EventCountry "CAN"]

1. d4 d5 2. c4 e6 3. Nc3 Nf6 4. cxd5 exd5 5. Bg5 Nbd7 6. e3 Nb6 7. Bd3 Bd6 8.
Nge2 h6 9. Bh4 O-O 10. f3 Qe7 11. e4 Qe6 12. e5 Bxe5 13. dxe5 Qxe5 14. O-O Qe3+
15. Bf2 Qe5 16. Bd4 Qe6 17. Re1 Qd6 18. Rc1 c5 19. Nb5 Qd8 20. Bxc5 Re8 21.
Ned4 Rxe1+ 22. Qxe1 a6 23. Be7 Qd7 24. Bf5 Qe8 25. Nc7 Qa4 26. Bxf6 gxf6 27.
Qd1 Qxd1+ 28. Rxd1 Rb8 29. a4 Bxf5 30. Nxf5 Nxa4 31. Nxd5 Kf8 32. Nxf6 Rc8 33.
b3 Nb2 34. Rd2 Rc1+ 35. Kf2 Nd3+ 36. Rxd3 Rc2+ 37. Kg3 Rc8 38. Rd7 Rb8 39. Nd6
1-0

[Event "CYCC U10"]
[Site "Windsor CAN"]
[Date "2016.07.05"]
[Round "1.82"]
[White "Gaisinsky, Jacob"]
[Black "Noor Ali, Aahil"]
[Result "0-1"]
[WhiteElo "999"]
[BlackElo "2097"]
[PlyCount "56"]
[EventDate "2016.07.05"]
[EventType "swiss"]
[EventRounds "7"]
[EventCountry "CAN"]

1. e4 e5 2. Nf3 Nc6 3. Bc4 Bc5 4. c3 Nf6 5. d4 exd4 6. cxd4 Bb4+ 7. Nc3 d5 8.
exd5 Nxd5 9. O-O Bxc3 10. bxc3 O-O 11. Qb3 Na5 12. Qa4 Nxc4 13. Qxc4 Be6 14.
Qd3 h6 15. Ne5 Qf6 16. Re1 Rad8 17. c4 Bf5 18. Qb3 Nb6 19. Bb2 Qg5 20. c5 Be6
21. Qb4 Nd5 22. Qxb7 Rb8 23. Qxa7 Rxb2 24. Qa3 Nf4 25. g3 Nh3+ 26. Kh1 Bd5+ 27.
Nf3 Rxf2 28. Rf1 Bxf3+ 0-1

[Event "CYCC U10"]
[Site "Windsor CAN"]
[Date "2016.07.05"]
[Round "1.83"]
[White "Chen, Max"]
[Black "Yuan, Kevin"]
[Result "1-0"]
[WhiteElo "1873"]
[BlackElo "979"]
[PlyCount "73"]
[EventDate "2016.07.05"]
[EventType "swiss"]
[EventRounds "7"]
[EventCountry "CAN"]

1. e4 e5 2. Nf3 Nc6 3. Bc4 Bc5 4. c3 Nf6 5. d3 a6 6. Bb3 d6 7. O-O O-O 8. h3 h6
9. Re1 Be6 10. Nbd2 Qd7 11. Nf1 Ne7 12. Ng3 Ng6 13. Bd2 Rad8 14. d4 Bxb3 15.
Qxb3 Bb6 16. Rad1 Rfe8 17. dxe5 Nxe5 18. Nxe5 Rxe5 19. Bf4 Rb5 20. Qc2 Qe7 21.
b4 Ba7 22. a4 Rb6 23. Be3 Rc6 24. Bxa7 b6 25. Nf5 Qe5 26. Nd4 Rc4 27. Qb3 b5
28. axb5 axb5 29. Nf3 Qxc3 30. Qxc3 Rxc3 31. e5 Ne8 32. Bc5 Ra3 33. exd6 Nxd6
34. Re7 Ra6 35. Rxc7 Kf8 36. Nd4 g5 37. Nxb5 1-0

[Event "CYCC U10"]
[Site "Windsor CAN"]
[Date "2016.07.05"]
[Round "1.84"]
[White "Si, Patrick"]
[Black "Zhou, Aiden"]
[Result "0-1"]
[WhiteElo "931"]
[BlackElo "1847"]
[PlyCount "58"]
[EventDate "2016.07.05"]
[EventType "swiss"]
[EventRounds "7"]
[EventCountry "CAN"]

1. e4 c5 2. Nf3 d6 3. Nc3 Nf6 4. h3 Nc6 5. Bc4 e6 6. O-O Be7 7. Re1 O-O 8. d3
a6 9. a4 h6 10. Be3 d5 11. exd5 exd5 12. Bb3 d4 13. Bd2 dxc3 14. Bxc3 Nd5 15.
Bxd5 Qxd5 16. Ne5 Nxe5 17. Rxe5 Qd8 18. Qf3 Bd6 19. Ree1 Qc7 20. g3 Qc6 21. Qe3
Bxh3 22. f3 Bxg3 23. Re2 Qg6 24. Qxc5 Bd6+ 25. Kh1 Bxc5 26. b4 Bd6 27. Rg1 Qf5
28. Be1 Qxf3+ 29. Reg2 Rfe8 0-1

[Event "CYCC U10"]
[Site "Windsor CAN"]
[Date "2016.07.05"]
[Round "1.85"]
[White "Rusonik, Mark"]
[Black "Xing, Blair"]
[Result "1-0"]
[WhiteElo "1817"]
[BlackElo "924"]
[PlyCount "45"]
[EventDate "2016.07.05"]
[EventType "swiss"]
[EventRounds "7"]
[EventCountry "CAN"]

1. e4 e5 2. f4 f6 3. fxe5 fxe5 4. Qh5+ g6 5. Qxe5+ Ne7 6. Qxh8 d5 7. Nc3 dxe4
8. Nxe4 Qd5 9. Nf6+ Kf7 10. Nxd5 Nxd5 11. Qxh7+ Bg7 12. Bd3 Nf4 13. Ne2 Nxd3+
14. cxd3 Bf5 15. O-O Nd7 16. g4 Rh8 17. Qxh8 Bxh8 18. gxf5 Ne5 19. d4 Nd3 20.
fxg6+ Kxg6 21. Rf3 Ne1 22. Rc3 c6 23. Kf1 1-0

[Event "CYCC U10"]
[Site "Windsor CAN"]
[Date "2016.07.05"]
[Round "1.86"]
[White "Ren, Alexander"]
[Black "Kang, Dorian"]
[Result "0-1"]
[WhiteElo "918"]
[BlackElo "1790"]
[PlyCount "100"]
[EventDate "2016.07.05"]
[EventType "swiss"]
[EventRounds "7"]
[EventCountry "CAN"]

1. e4 c5 2. Nc3 Nc6 3. f4 d6 4. h3 g6 5. Nf3 Bg7 6. Be2 Nf6 7. O-O O-O 8. d4
cxd4 9. Nxd4 Nxe4 10. Nxc6 Qb6+ 11. Kh2 Qxc6 12. Bf3 Nxc3 13. bxc3 Qc7 14. Rb1
Rb8 15. Ba3 b6 16. Re1 Be6 17. Bd5 Bxc3 18. Rxe6 fxe6 19. Bxe6+ Kg7 20. Bb2
Bxb2 21. Rxb2 Qc3 22. Rb3 Qf6 23. Qd5 Qxf4+ 24. Rg3 Qe5 25. c4 Qxd5 26. cxd5
Rf6 27. Ra3 a5 28. g3 Rxe6 29. dxe6 Kf6 30. Re3 Rc8 31. Re2 Rc5 32. Rf2+ Kxe6
33. Rf8 Rc2+ 34. Kg1 Rxa2 35. Rf2 Rxf2 36. Kxf2 b5 37. Ke2 a4 38. Kd2 b4 39.
Kc2 Kd5 40. Kb2 Kc4 41. Kc2 a3 42. h4 b3+ 43. Kd2 a2 44. h5 g5 45. g4 a1=Q 46.
h6 b2 47. Ke3 b1=Q 48. Kf3 Qc3+ 49. Kf2 Qbe1+ 50. Kg2 Qcg3# 0-1

[Event "CYCC U10"]
[Site "Windsor CAN"]
[Date "2016.07.05"]
[Round "1.87"]
[White "Xie, Austin"]
[Black "Brassard, Mathieu"]
[Result "1-0"]
[WhiteElo "1641"]
[BlackElo "876"]
[PlyCount "51"]
[EventDate "2016.07.05"]
[EventType "swiss"]
[EventRounds "7"]
[EventCountry "CAN"]

1. e4 e5 2. Nf3 Qf6 3. d3 Bb4+ 4. Bd2 Bc5 5. Nc3 Bb6 6. Be2 Qc6 7. Nxe5 Qc5 8.
Ng4 d6 9. O-O Bxg4 10. Bxg4 Nf6 11. Bf3 h5 12. Be3 Qe5 13. Qd2 Ng4 14. Bf4 Qf6
15. Bxg4 hxg4 16. Rab1 Qh4 17. Bg3 Qh5 18. Rfe1 c5 19. e5 dxe5 20. Rxe5+ Qxe5
21. Bxe5 f6 22. Bxb8 Rxb8 23. Re1+ Kd7 24. Qf4 Bc7 25. Qxg4+ Kd6 26. Qe6# 1-0

[Event "CYCC U10"]
[Site "Windsor CAN"]
[Date "2016.07.05"]
[Round "1.88"]
[White "Dutrisac, Dylan"]
[Black "Gu, Chuyang"]
[Result "0-1"]
[WhiteElo "852"]
[BlackElo "1636"]
[PlyCount "52"]
[EventDate "2016.07.05"]
[EventType "swiss"]
[EventRounds "7"]
[EventCountry "CAN"]

1. e3 e5 2. c3 d5 3. d4 Nc6 4. Qf3 Nf6 5. h4 Bd6 6. Qg3 O-O 7. e4 exd4 8. Bh6
Bxg3 9. Bd2 Nxe4 10. fxg3 Qf6 11. Bf4 Re8 12. Bd3 Nxg3+ 13. Kf2 Qxf4+ 14. Nf3
Nxh1+ 15. Kg1 Qc1+ 16. Bf1 Ng3 17. Kf2 Nxf1 18. g4 Bxg4 19. a4 Bxf3 20. Kxf3
Nd2+ 21. Kf2 Qe1+ 22. Kg2 Qe2+ 23. Kg3 Re3+ 24. Kf4 Qf2+ 25. Kg5 Rg3+ 26. Kh5
Qf5# 0-1

[Event "CYCC U10"]
[Site "Windsor CAN"]
[Date "2016.07.05"]
[Round "1.90"]
[White "Jasniewicz, Karol"]
[Black "Guipi Bopala, Prince Eric jr"]
[Result "0-1"]
[WhiteElo "848"]
[BlackElo "1499"]
[PlyCount "46"]
[EventDate "2016.07.05"]
[EventType "swiss"]
[EventRounds "7"]
[EventCountry "CAN"]

1. e4 e5 2. Nf3 Nc6 3. Bc4 Nf6 4. Nc3 Bc5 5. O-O d6 6. d3 h6 7. h3 Be6 8. Bxe6
fxe6 9. Qe2 Qe7 10. Bd2 O-O-O 11. Nb5 a6 12. Nc3 g5 13. Be3 Bxe3 14. Qxe3 g4
15. hxg4 Nxg4 16. Qd2 Rhg8 17. Rfe1 Rdf8 18. Ne2 h5 19. d4 exd4 20. Nexd4 Nxd4
21. Qxd4 Rxf3 22. gxf3 Ne3+ 23. Kh2 Qh4# 0-1

[Event "CYCC U10"]
[Site "Windsor CAN"]
[Date "2016.07.05"]
[Round "1.91"]
[White "Ivanescu, Mark"]
[Black "Wang, David"]
[Result "1-0"]
[WhiteElo "1484"]
[BlackElo "845"]
[PlyCount "93"]
[EventDate "2016.07.05"]
[EventType "swiss"]
[EventRounds "7"]
[EventCountry "CAN"]

1. d4 d5 2. Nf3 Nf6 3. Bf4 Bf5 4. e3 e6 5. Nbd2 Nc6 6. Bb5 Qd7 7. Ne5 Qd8 8.
Nxc6 bxc6 9. Bxc6+ Nd7 10. Bxa8 Qxa8 11. O-O Qb7 12. Nb3 Bd6 13. Bxd6 cxd6 14.
h3 O-O 15. Qf3 Bxc2 16. Qe2 Bxb3 17. axb3 Qxb3 18. Rxa7 Nf6 19. Rfa1 g6 20.
R1a3 Qc4 21. Qxc4 dxc4 22. f3 Rb8 23. Ra8 Rxa8 24. Rxa8+ Kg7 25. e4 e5 26. dxe5
dxe5 27. Rc8 h5 28. Rxc4 g5 29. b4 g4 30. hxg4 hxg4 31. b5 gxf3 32. gxf3 Nd7
33. Rc7 Nb8 34. b6 Kg6 35. b7 f5 36. Rc8 Na6 37. Ra8 fxe4 38. Rxa6+ Kf5 39.
fxe4+ Kxe4 40. b8=Q Kd4 41. Qb4+ Kd5 42. Ra5+ Ke6 43. Kf2 Kf5 44. Qc5 Kg6 45.
Qxe5 Kh7 46. Qg3 Kh8 47. Rh5# 1-0

[Event "CYCC U10"]
[Site "Windsor CAN"]
[Date "2016.07.05"]
[Round "1.94"]
[White "Feng, Richard2"]
[Black "Bui, Alan"]
[Result "1-0"]
[WhiteElo "761"]
[BlackElo "1417"]
[PlyCount "71"]
[EventDate "2016.07.05"]
[EventType "swiss"]
[EventRounds "7"]
[EventCountry "CAN"]

1. d4 Nf6 2. c4 e6 3. Nf3 d5 4. Bg5 Be7 5. e3 Nbd7 6. Be2 c5 7. O-O O-O 8. Nc3
b6 9. cxd5 exd5 10. dxc5 Nxc5 11. Bxf6 Bxf6 12. Nxd5 Bb7 13. Nxf6+ Qxf6 14. Qd4
Qc6 15. Rac1 Rad8 16. Qg4 Qf6 17. Nd4 Rd5 18. f3 Rg5 19. Qh4 Qg6 20. Qf2 f5 21.
b4 Ne6 22. Bc4 Bc8 23. Bb3 Kh8 24. Rc6 Nxd4 25. Rxg6 Nxf3+ 26. Qxf3 Rxg6 27.
Qa8 f4 28. exf4 a6 29. f5 Rgf6 30. Be6 Bxe6 31. Qxa6 Bc8 32. Qb5 Bb7 33. a4 Ra8
34. Qd7 Bc6 35. Qe7 Rxa4 36. Qd8+ 1-0

[Event "CYCC U10"]
[Site "Windsor CAN"]
[Date "2016.07.05"]
[Round "1.96"]
[White "Yim, Justin"]
[Black "Vo, Andy"]
[Result "0-1"]
[WhiteElo "708"]
[BlackElo "1406"]
[PlyCount "92"]
[EventDate "2016.07.05"]
[EventType "swiss"]
[EventRounds "7"]
[EventCountry "CAN"]

1. e4 d6 2. d4 Nf6 3. Nc3 g6 4. Nf3 Bg7 5. Bc4 O-O 6. O-O Nbd7 7. Bf4 c6 8. Re1
b5 9. Bd3 Re8 10. e5 dxe5 11. dxe5 Nh5 12. Bg3 Nxg3 13. fxg3 e6 14. Be4 Qc7 15.
Nxb5 Qb6+ 16. Nbd4 Bxe5 17. Bxc6 Bxd4+ 18. Nxd4 Rb8 19. b3 Rd8 20. c3 Bb7 21.
Bxd7 Rxd7 22. Kh1 Rc8 23. Rc1 Re8 24. Nf3 Rxd1 25. Rexd1 Bxf3 26. gxf3 Qf2 27.
Rf1 Qxa2 28. b4 Rc8 29. Ra1 Qb3 30. Rfc1 Rxc3 31. Rxc3 Qxc3 32. f4 Qxa1+ 33.
Kg2 Qc3 34. b5 Qb3 35. Kh3 Qxb5 36. f5 exf5 37. Kg2 a6 38. Kh3 Qe2 39. g4 fxg4+
40. Kh4 a5 41. h3 a4 42. hxg4 a3 43. Kg3 a2 44. Kf4 a1=Q 45. Kg5 Qa5+ 46. Kh4
Qh2# 0-1

[Event "CYCC U10"]
[Site "Windsor CAN"]
[Date "2016.07.05"]
[Round "1.97"]
[White "De Costa, Benjamin"]
[Black "Marcelloni, Jacob"]
[Result "1-0"]
[WhiteElo "1404"]
[BlackElo "686"]
[PlyCount "57"]
[EventDate "2016.07.05"]
[EventType "swiss"]
[EventRounds "7"]
[EventCountry "CAN"]

1. d4 Nf6 2. c4 g6 3. f3 d5 4. cxd5 Nxd5 5. e4 Nb6 6. Nc3 Nc6 7. Be3 Nc4 8.
Bxc4 Bg7 9. Nge2 O-O 10. Qd2 b6 11. O-O-O Bb7 12. h4 e6 13. h5 Na5 14. Bd3 Qe7
15. hxg6 fxg6 16. Bh6 Rad8 17. Bxg7 Qxg7 18. Nf4 Qf6 19. Nfe2 Nc6 20. d5 exd5
21. Nxd5 Qe5 22. Qc3 Qg5+ 23. Qd2 Qxg2 24. Qh6 Rd7 25. Bc4 Rff7 26. Nf6+ Kh8
27. Bxf7 Rxf7 28. Qxh7+ Rxh7 29. Rxh7# 1-0

[Event "CYCC U10"]
[Site "Windsor CAN"]
[Date "2016.07.05"]
[Round "1.98"]
[White "Lodhi, Rayyan"]
[Black "Jacobs, Michael"]
[Result "0-1"]
[WhiteElo "672"]
[BlackElo "1380"]
[PlyCount "42"]
[EventDate "2016.07.05"]
[EventType "swiss"]
[EventRounds "7"]
[EventCountry "CAN"]

1. c4 e5 2. d3 Nc6 3. g3 Nf6 4. Bg2 Bc5 5. Nf3 O-O 6. Bd2 h6 7. Nc3 d5 8. O-O
Bd7 9. Qc1 Bf5 10. Be3 Bxe3 11. Qxe3 Qd7 12. Rfe1 Bh3 13. Bh1 Nh7 14. a3 f5 15.
Qd2 f4 16. e3 Qg4 17. Nb5 Rac8 18. Nc3 fxg3 19. hxg3 Rxf3 20. Bxf3 Qxf3 21. Qd1
Qg2# 0-1

[Event "CYCC U10"]
[Site "Windsor CAN"]
[Date "2016.07.05"]
[Round "1.99"]
[White "Srinivas, Atharva"]
[Black "Xiong, Dawson"]
[Result "1-0"]
[WhiteElo "1343"]
[BlackElo "671"]
[PlyCount "107"]
[EventDate "2016.07.05"]
[EventType "swiss"]
[EventRounds "7"]
[EventCountry "CAN"]

1. e4 e5 2. Nf3 Nc6 3. Bb5 d6 4. d4 Bd7 5. O-O Nf6 6. Nc3 h6 7. dxe5 dxe5 8.
Bxc6 Bd6 9. Bxd7+ Qxd7 10. Be3 O-O 11. Nxe5 Bxe5 12. Qxd7 Nxd7 13. Rfd1 Rad8
14. f4 Bf6 15. e5 Be7 16. Nd5 Rfe8 17. Nxc7 Rf8 18. Nd5 Rfe8 19. Bxa7 Bc5+ 20.
Bxc5 Nxc5 21. Nc3 Rxd1+ 22. Rxd1 Ne6 23. g3 f5 24. exf6 gxf6 25. Re1 f5 26. Re5
Ng7 27. Rxe8+ Nxe8 28. Kf2 h5 29. Nd5 Kg7 30. Kf3 Nd6 31. h3 b5 32. b3 Kh6 33.
a4 Kg6 34. a5 Nc8 35. g4 hxg4+ 36. hxg4 Nd6 37. Ne7+ Kf6 38. Nxf5 Nc8 39. a6
Na7 40. c4 bxc4 41. bxc4 Nc6 42. Ke4 Na7 43. g5+ Kg6 44. Nd6 Nc6 45. Nc8 Kh5
46. a7 Nxa7 47. Nxa7 Kg6 48. c5 Kh5 49. c6 Kg6 50. c7 Kh5 51. c8=Q Kh4 52. Kf3
Kh5 53. Qf5 Kh4 54. Qh7# 1-0

[Event "CYCC U10"]
[Site "Windsor CAN"]
[Date "2016.07.05"]
[Round "1.100"]
[White "Ripley, Noah"]
[Black "Wu, Lucian"]
[Result "0-1"]
[WhiteElo "670"]
[BlackElo "1320"]
[PlyCount "110"]
[EventDate "2016.07.05"]
[EventType "swiss"]
[EventRounds "7"]
[EventCountry "CAN"]

1. e4 e5 2. Nf3 Nc6 3. Bb5 a6 4. Bxc6 bxc6 5. Nxe5 Nf6 6. Nc3 Bd6 7. d4 h6 8.
Be3 O-O 9. Nc4 Bb4 10. e5 Ne4 11. Bd2 Nxd2 12. Qxd2 d6 13. f4 c5 14. a3 cxd4
15. Qxd4 Bc5 16. Qd5 Be6 17. Qd3 Qe7 18. f5 Bxc4 19. Qxc4 Qxe5+ 20. Ne2 Qxf5
21. O-O-O Qg5+ 22. Nf4 Be3+ 23. Kb1 Qxf4 24. Qxc7 Rab8 25. Qxd6 Qxd6 26. Rxd6
a5 27. Rd5 a4 28. Ra5 Ra8 29. Rxa8 Rxa8 30. Re1 Bc5 31. c3 Rb8 32. Kc2 Bd6 33.
h3 Rd8 34. Re4 Ra8 35. b4 axb3+ 36. Kxb3 Rxa3+ 37. Kb2 Ra7 38. c4 Re7 39. Rxe7
Bxe7 40. Kb3 Kh7 41. Ka4 Kg6 42. Kb5 Kh5 43. c5 Kh4 44. c6 Bd6 45. Kc4 Kg3 46.
Kd5 Bb8 47. Kc5 Kxg2 48. Kb6 f5 49. c7 Bxc7+ 50. Kxc7 f4 51. Kd6 f3 52. Ke5 f2
53. Kf4 f1=Q+ 54. Kg4 Qf3+ 55. Kh4 g5# 0-1

[Event "CYCC U10"]
[Site "Windsor CAN"]
[Date "2016.07.05"]
[Round "1.101"]
[White "Fedyushchenko, Alexander"]
[Black "Hasanov, Tahir"]
[Result "1-0"]
[WhiteElo "1136"]
[BlackElo "608"]
[PlyCount "79"]
[EventDate "2016.07.05"]
[EventType "swiss"]
[EventRounds "7"]
[EventCountry "CAN"]

1. e4 e5 2. Nf3 Nc6 3. d4 exd4 4. Nxd4 d5 5. Bb5 Nf6 6. Nxc6 Bd7 7. Nd4 Bxb5 8.
Nxb5 Nxe4 9. Qe2 c6 10. N5c3 Bb4 11. f3 O-O 12. fxe4 d4 13. a3 dxc3 14. axb4
cxb2 15. Bxb2 Re8 16. Qg4 g6 17. Nd2 f5 18. Qf3 Re7 19. Qb3+ Kf8 20. Bf6 fxe4
21. Bxe7+ Qxe7 22. O-O+ Kg7 23. Qc3+ Kh6 24. Qe3+ Kg7 25. Qd4+ Kh6 26. Nxe4 Rd8
27. Qe3+ Kg7 28. Qf3 Rf8 29. Qxf8+ Qxf8 30. Rxf8 Kxf8 31. Rxa7 b6 32. Ra6 b5
33. Rxc6 h5 34. c4 bxc4 35. b5 Ke7 36. b6 g5 37. b7 g4 38. b8=Q Kd7 39. Qb7+
Kd8 40. Rc8# 1-0

[Event "CYCC U10"]
[Site "Windsor CAN"]
[Date "2016.07.05"]
[Round "1.102"]
[White "Zaid, Daniyal"]
[Black "Lu, Lucas Yunkun"]
[Result "0-1"]
[WhiteElo "584"]
[BlackElo "1083"]
[PlyCount "56"]
[EventDate "2016.07.05"]
[EventType "swiss"]
[EventRounds "7"]
[EventCountry "CAN"]

1. e4 e5 2. Nf3 Nc6 3. Bc4 Nf6 4. Nc3 Bc5 5. O-O O-O 6. d3 d6 7. h3 h6 8. Qe2
Be6 9. Bd5 Qd7 10. Rd1 Rfe8 11. Bxc6 bxc6 12. d4 Bxd4 13. Nxd4 exd4 14. Rxd4 c5
15. Rd3 Bc4 16. Qf3 Bxd3 17. cxd3 d5 18. exd5 Re1+ 19. Kh2 Rae8 20. Qg3 Nh5 21.
Qg4 Qd6+ 22. g3 Nf6 23. Qh4 Nxd5 24. Nxd5 Qxd5 25. g4 Rh1+ 26. Kg3 Rg1+ 27. Kf4
g5+ 28. Qxg5+ hxg5# 0-1

[Event "CYCC U10"]
[Site "Windsor CAN"]
[Date "2016.07.06"]
[Round "2.79"]
[White "Vo, Andy"]
[Black "Issani, Nameer"]
[Result "0-1"]
[WhiteElo "1406"]
[BlackElo "2145"]
[PlyCount "136"]
[EventDate "2016.07.05"]
[EventType "swiss"]
[EventRounds "7"]
[EventCountry "CAN"]

1. e4 e5 2. Nf3 Nc6 3. d4 exd4 4. Nxd4 Nf6 5. Nc3 Bb4 6. Nxc6 bxc6 7. Bd3 d5 8.
exd5 cxd5 9. O-O O-O 10. Bg5 c6 11. Ne2 Bc5 12. Ng3 h6 13. Bd2 Bg4 14. Be2 Bxe2
15. Qxe2 Re8 16. Qd3 Qb6 17. b3 Ne4 18. Nxe4 dxe4 19. Qg3 Kh7 20. Rad1 Bd4 21.
c3 Be5 22. Bf4 Bxf4 23. Qxf4 Re7 24. Rd2 Qc5 25. c4 Rae8 26. Re1 e3 27. fxe3
Rxe3 28. Rxe3 Rxe3 29. Kf1 Re5 30. g4 Qe7 31. Rf2 f6 32. h4 c5 33. Qd2 Qb7 34.
Kg1 Qe7 35. Qd3+ Kg8 36. Kf1 Re1+ 37. Kg2 Re4 38. Qf3 Qe6 39. Kg1 Rxg4+ 40. Kf1
Rxh4 41. Qd5 Qxd5 42. cxd5 Rd4 43. Rf5 Kf7 44. d6 Rxd6 45. Rxc5 a6 46. Rc1 f5
47. a4 g5 48. b4 Kf6 49. b5 axb5 50. axb5 Rb6 51. Rb1 Ke5 52. Kg2 Kd5 53. Kf3
Kc5 54. Rf1 Rxb5 55. Kg3 Kd4 56. Rh1 Rb3+ 57. Kf2 Ke4 58. Rxh6 Kf4 59. Rh1 Rb2+
60. Kg1 Rb1+ 61. Kg2 Rxh1 62. Kxh1 Kg3 63. Kg1 f4 64. Kf1 Kh2 65. Kf2 g4 66.
Kf1 f3 67. Kf2 g3+ 68. Kf1 g2+ 0-1

[Event "CYCC U10"]
[Site "Windsor CAN"]
[Date "2016.07.06"]
[Round "2.80"]
[White "Noor Ali, Aahil"]
[Black "Zhu, Max"]
[Result "1-0"]
[WhiteElo "2070"]
[BlackElo "1460"]
[PlyCount "57"]
[EventDate "2016.07.05"]
[EventType "swiss"]
[EventRounds "7"]
[EventCountry "CAN"]

1. d4 d5 2. c4 c6 3. Nc3 Nf6 4. e3 Bf5 5. cxd5 cxd5 6. Qb3 Qd7 7. Nf3 Nc6 8.
Ne5 Na5 9. Nxd7 Nxb3 10. Nxf6+ exf6 11. axb3 Be6 12. Nb5 Kd7 13. Rxa7 Bb4+ 14.
Bd2 Be7 15. Rxb7+ Kd8 16. Ra7 Rc8 17. Ba5+ Ke8 18. Nc7+ Kf8 19. Ba6 Rb8 20.
Nxe6+ fxe6 21. O-O h5 22. Bc7 Kf7 23. Bd6 Rhe8 24. Rc1 Rxb3 25. Rcc7 Reb8 26.
Rxe7+ Kg6 27. Rxg7+ Kf5 28. Bxb8 Rxb8 29. Bd3# 1-0

[Event "CYCC U10"]
[Site "Windsor CAN"]
[Date "2016.07.06"]
[Round "2.81"]
[White "Jacobs, Michael"]
[Black "Chen, Max"]
[Result "0-1"]
[WhiteElo "1380"]
[BlackElo "2007"]
[PlyCount "88"]
[EventDate "2016.07.05"]
[EventType "swiss"]
[EventRounds "7"]
[EventCountry "CAN"]

1. e4 c5 2. Nc3 g6 3. f4 Bg7 4. Nf3 Nc6 5. Bb5 Nd4 6. Nxd4 cxd4 7. Ne2 e6 8.
O-O Qb6 9. Bd3 Ne7 10. Kh1 O-O 11. Bc4 Qc6 12. d3 d5 13. exd5 Nxd5 14. Bxd5
Qxd5 15. Bd2 b5 16. Ng1 Bb7 17. Nf3 Rac8 18. Qc1 Rc7 19. Rf2 Rfc8 20. Ba5 Rc6
21. Be1 Rb6 22. a4 bxa4 23. Rxa4 Qb5 24. Rb4 Qxd3 25. Qa1 Rxc2 26. Qb1 Be4 27.
Qxc2 Qxc2 28. Rxc2 Bxc2 29. Rxb6 axb6 30. Bf2 d3 31. Bxb6 Bxb2 32. Be3 Kf8 33.
Kg1 Ke7 34. Kf1 Kd6 35. Bd2 f6 36. Kf2 e5 37. fxe5+ fxe5 38. Ke3 Kd5 39. h3 h6
40. Kf2 g5 41. g4 e4 42. Ne1 Bd4+ 43. Kf1 e3 44. Ba5 d2 0-1

[Event "CYCC U10"]
[Site "Windsor CAN"]
[Date "2016.07.06"]
[Round "2.82"]
[White "Zhou, Aiden"]
[Black "De Costa, Benjamin"]
[Result "1-0"]
[WhiteElo "1847"]
[BlackElo "1394"]
[PlyCount "77"]
[EventDate "2016.07.05"]
[EventType "swiss"]
[EventRounds "7"]
[EventCountry "CAN"]

1. d4 Nf6 2. Bg5 g6 3. Bxf6 exf6 4. c4 Bg7 5. Nc3 O-O 6. g3 Nc6 7. Bg2 f5 8. e3
Re8 9. Nge2 Rb8 10. O-O b6 11. Nf4 Ba6 12. Qa4 Na5 13. b4 Bxc4 14. bxa5 Bxf1
15. Rxf1 c5 16. a6 cxd4 17. exd4 Qc8 18. Nb5 Re4 19. Bxe4 fxe4 20. Nxa7 Qc7 21.
Nb5 Qc6 22. Qb3 Ra8 23. a7 Bxd4 24. Nxd4 Qc5 25. Nb5 h6 26. Nd5 Rxa7 27. Nxa7
b5 28. Nxb5 e3 29. Nxe3 d5 30. Qxd5 Qxd5 31. Nxd5 f6 32. Re1 g5 33. Re7 Kf8 34.
a4 f5 35. a5 f4 36. a6 fxg3 37. a7 gxh2+ 38. Kxh2 Kg8 39. a8=R# 1-0

[Event "CYCC U10"]
[Site "Windsor CAN"]
[Date "2016.07.06"]
[Round "2.83"]
[White "Wu, Lucian"]
[Black "Rusonik, Mark"]
[Result "1-0"]
[WhiteElo "1320"]
[BlackElo "1817"]
[PlyCount "139"]
[EventDate "2016.07.05"]
[EventType "swiss"]
[EventRounds "7"]
[EventCountry "CAN"]

1. d4 f5 2. c4 Nf6 3. Nc3 g6 4. Nf3 Bg7 5. Bf4 O-O 6. e3 d6 7. Be2 c6 8. h3 Qe8
9. O-O Nh5 10. Bh2 e5 11. Re1 Nd7 12. a3 Nhf6 13. b4 Qe7 14. Qb3 Kh8 15. c5 Ne4
16. cxd6 Nxd6 17. dxe5 Nxe5 18. Nxe5 Bxe5 19. Bxe5+ Qxe5 20. Red1 Be6 21. Qb2
Ne4 22. Na4 Qxb2 23. Nxb2 Nc3 24. Rd2 Rad8 25. Rc2 Nxe2+ 26. Rxe2 Rd6 27. Ree1
Bb3 28. Rac1 Rd2 29. Nc4 Ra2 30. Na5 Ba4 31. Nxb7 f4 32. e4 f3 33. g3 Re2 34.
Nc5 Bb5 35. Red1 Rf7 36. a4 Bxa4 37. Nxa4 Rxe4 38. Rxc6 Rxb4 39. Ra6 Rc4 40.
Nb2 Rc2 41. Na4 Re7 42. Rf6 Rc4 43. Ra1 Ree4 44. Nb2 Rb4 45. Nd3 Rb3 46. Rxf3
Re7 47. Ne5 Rbb7 48. Ng4 Re6 49. Re3 Rd6 50. Ne5 Kg7 51. Rea3 Re6 52. Rxa7 Rbe7
53. Rxe7+ Rxe7 54. Nf3 Rc7 55. Ng5 Re7 56. Kg2 h6 57. Nf3 Rb7 58. Ra6 Re7 59.
Nh4 Rb7 60. Rxg6+ Kh7 61. Re6 Rb5 62. g4 h5 63. Nf5 Ra5 64. Rh6+ Kg8 65. Rxh5
Ra1 66. g5 Ra2 67. g6 Ra8 68. Rh7 Re8 69. Nh6+ Kf8 70. Rf7# 1-0

[Event "CYCC U10"]
[Site "Windsor CAN"]
[Date "2016.07.06"]
[Round "2.84"]
[White "Kang, Dorian"]
[Black "Srinivas, Atharva"]
[Result "1-0"]
[WhiteElo "1790"]
[BlackElo "1343"]
[PlyCount "101"]
[EventDate "2016.07.05"]
[EventType "swiss"]
[EventRounds "7"]
[EventCountry "CAN"]

1. c4 e5 2. Nc3 Nc6 3. Nf3 f5 4. d4 d6 5. dxe5 dxe5 6. Qxd8+ Kxd8 7. Bg5+ Ke8
8. Bd2 Nf6 9. O-O-O Be6 10. e3 Rd8 11. Nb5 Bd6 12. c5 Bxc5 13. Nxc7+ Ke7 14.
Nxe6 Kxe6 15. Bc4+ Ke7 16. Ng5 Ne4 17. Ne6 Nxf2 18. Nxc5 Nxh1 19. e4 fxe4 20.
Bg5+ Ke8 21. Bxd8 Nf2 22. Rf1 Nd3+ 23. Bxd3 exd3 24. Bh4 e4 25. Nxe4 b6 26. Kd2
Kd7 27. Kxd3 Ne5+ 28. Kd4 Re8 29. Kd5 Nc6 30. Rf7+ Ne7+ 31. Rxe7+ Rxe7 32. Bxe7
Kxe7 33. Ke5 a5 34. Nd6 g6 35. Nc8+ Kd7 36. Nxb6+ Kc6 37. Nc4 Kb5 38. Nxa5 Kxa5
39. Kd5 h5 40. Kc5 g5 41. b4+ Ka6 42. b5+ Ka7 43. Kc6 Kb8 44. b6 Kc8 45. b7+
Kb8 46. a4 g4 47. a5 h4 48. a6 g3 49. Kb6 gxh2 50. g3 h1=Q 51. a7# 1-0